Исследование рабочих режимов синхронных двигателей главного привода прокатных станов: Диссертация на соискание ученой степени доктора технических наук

Bibliografske podrobnosti
Glavni avtor: Серый И. М.
Korporativna značnica: Уральский ордена Трудового Красного Знамени политехнический институт им. С. М. Кирова
Drugi avtorji: Янко-Триницкий А. А. (научный консультант)
Jezik:ruščina
Izdano: Свердловск, 1971
Teme:
Format: Knjiga
KOHA link:https://koha.lib.tpu.ru/cgi-bin/koha/opac-detail.pl?biblionumber=132045

MARC

LEADER 00000nbm0a2200000 4500
001 132045
005 20231031134704.0
035 |a (RuTPU)RU\TPU\book\142981 
090 |a 132045 
100 |a 20080227d1971 k y0rusy50 ca 
101 0 |a rus 
102 |a RU 
105 |a a m 001zy 
200 1 |a Исследование рабочих режимов синхронных двигателей главного привода прокатных станов  |e Диссертация на соискание ученой степени доктора технических наук  |f И. М. Серый  |g Уральский ордена Трудового Красного Знамени политехнический институт им. С. М. Кирова ; науч. конс. А. А. Янко-Триницкий 
210 |a Свердловск  |d 1971 
215 |a 272 л.  |c ил. 
320 |a Библиогр.: с. 241-272 (391 назв.) 
610 1 |a докторские диссертации 
610 1 |a электротехника 
610 1 |a прокатные станы 
610 1 |a синхронные двигатели 
610 1 |a рабочие режимы 
610 1 |a приводы 
610 1 |a электромеханические процессы 
610 1 |a переходные процессы 
610 1 |a уравнения 
610 1 |a колебания 
610 1 |a линеаризованные системы 
610 1 |a нелинейная теория 
610 1 |a аналоговые вычислительные машины 
610 1 |a экспериментальные исследования 
610 1 |a производственные условия 
610 1 |a результаты исследований 
610 1 |a прокатка 
610 1 |a динамическая устойчивость 
610 1 |a величина запаса 
610 1 |a нагрев 
610 1 |a питающие сети 
610 1 |a автоматическое регулирование 
610 1 |a практические рекомендации 
675 |a 621.771.22(04)  |v 3 
675 |a 621.313.323(04)  |v 3 
700 1 |a Серый  |b И. М. 
702 1 |a Янко-Триницкий  |b А. А.  |4 695 
712 0 2 |a Уральский ордена Трудового Красного Знамени политехнический институт им. С. М. Кирова  |2 stltpush  |3 (RuTPU)RU\TPU\col\1982 
801 1 |a RU  |b 63413507  |c 20080227  |g PSBO 
942 |c BK